000 01513nam0a2200385 4500
001 RU\NLR\bibl\1313913
005 20260405143916.0
010 _a978-5-17-044169-3
_bАСТ
010 _a978-5-9713-6836-6
_bАСТ МОСКВА
010 _a978-5-9762-3491-8
_bХРАНИТЕЛЬ
_94000
021 _aRU
_b2008-89582
_95234
035 _a(nilc)EL/0000175494
035 _aKML\BIBL\0000001971
035 _a(NLR Aleph) 001299320
090 _a609061
_c609061
100 _a20080204d2008 |||y0rusy50 ca
101 0 _arus
102 _aRU
105 _ay z |||||
200 1 _aБиблия ресторатора
_e[настольная книга начинающего бизнесмена]
_fЯнина Евгеньевна Наволоцкая
210 _aМосква
_cАСТ [и др.]
_d2008 (печ. 2007)
215 _a237 с.
_d16
606 1 _aРесторанный бизнес
_yРоссийская Федерация
_92216824
_3RU\NLR\auth\661331372
686 _a65.9(2)424.1
_vLBC/RL
_2rubbk
686 _a0094
_aБизнес. Предпринимательство
_2TCC-BG
686 _aУ42(2)414
700 1 _4070
_8rus
_7ca
_aНаволоцкая
_bЯ. Е.
_gЯнина Евгеньевна
_3RU\NLR\AUTH\7759578
_942509
801 0 _aRU
_bНБР Удмуртия
_c20080220
_grcr
801 1 _aRU
_bНБР Удмуртия
_c20080220
801 2 _aRU
_bNLR
_c20090112
_grcr
830 _aCODE_OF_LIBNET\000004503
942 _cBOOK
980 _aNB